Governadores do Rio Grande do Norte - Statistics

Estatísticas Gerais
  • Esse quiz foi jogado 17 vezes
  • A pontuação média é 9 de 62
Estatísticas das Respostas
# Período Partido Governador % Correto
56 2019- PT Fátima Bezerra
100%
52 2003-2010 PSB Wilma de Faria
89%
54 2011-2015 DEM Rosalba Ciarlini
78%
45 1983-1986 PDS José Agripino Maia
67%
48 1991-1994 PFL José Agripino Maia
67%
55 2015-2019 PSD Robinson Faria
56%
47 1987-1991 PMDB Geraldo Melo
44%
37 1951 PSD Jerônimo Dix-Sept Rosado
44%
44 1979-1983 PDS Lavoisier Maia
44%
51 2002-2003 PPB Fernando Freire
33%
50 1995-2002 PMDB Garibaldi Alves Filho
33%
53 2010-2011 PSB Iberê Ferreira de Souza
33%
43 1975-1979 ARENA Tarcísio Maia
33%
41 1966-1971 PSD Walfredo Gurgel
33%
40 1961-1966 PSD Aluízio Alves
22%
39 1956-1961 UDN Dinarte Mariz
22%
49 1994-1995 PL Vivaldo Costa
22%
42 1971-1975 ARENA Cortez Pereira
11%
32 1945 PSD Georgino Avelino
11%
46 1986-1987 PDS Radir Pereira
11%
30 1935-1943 - Rafael Fernandes Gurjão
11%
38 1951-1956 PSD Sylvio Pedroza
11%
Junta Provisória 1930 - Abelardo Torres Castro
0%
2 1889-1890 PRF Adolfo Gordo
0%
15 1900-1904 PRF Alberto Maranhão
0%
19 1908-1913 PRF Alberto Maranhão
0%
25 1931 - Aluísio de Andrade Moura
0%
8 189 PRF Amintas Barros
0%
31 1943-1945 - Antônio Fernandes Dantas
0%
18 1907-1908 PRF Antônio Melo e Sousa
0%
21 1921-1924 PRF Antônio Melo e Sousa
0%
16 1904-1906 PRC Augusto Tavares de Lyra
0%
27 1932-1933 - Bertino Dutra da Silva
0%
9 1891 PRF Fernandes Barros
0%
Junta Provisória 1891-1892 - Ferreira Chaves
0%
10 1891 PRF Francisco Gurgel
0%
26 1931-1932 - Herculino Cascardo
0%
24 1930-1931 - Irineu Joffily
0%
3 1890 PRF Jerônimo Câmara
0%
12 1892 PRF Jerônimo Câmara
0%
6 1890 - João Gomes Ribeiro
0%
14 1896-1900 PRF Joaquim Ferreira Chaves
0%
20 1914-1920 PRF Joaquim Ferreira Chaves
0%
22 1924-1927 PRF José Augusto de Medeiros
0%
36 1947-1951 PSD José Augusto Varela
0%
Junta Provisória 1930 - Júlio Perouse Pontes
0%
23 1928-1930 PRF Juvenal Lamartine
0%
29 1935 - Liberato da Cruz Barroso
0%
Junta Provisória 1891-1892 - Lima e Silva
0%
Junta Provisória 1930 - Luís Tavares Guerreiro
0%
17 1906-1907 - Manuel Moreira Dias
0%
28 1933-1935 PSN Mário Câmara
0%
11 1891 PRF Miguel Castro
0%
33 1945-1946 PSD Miguel Seabra Fagundes
0%
7 1890-1891 - Nascimento de Castro
0%
Junta Provisória 1891-1892 - Nascimento de Castro
0%
35 1947 PSP Orestes da Rocha Lima
0%
1 1889 PRF Pedro Maranhão
0%
5 1890 PRF Pedro Maranhão
0%
13 1892-1896 PRF Pedro Maranhão
0%
34 1946-1947 PSP Ubaldo Melo
0%
4 1890 PRF Xavier da Silveira Júnior
0%
Nenhum quiz correspondente encontrado
Distribuição das Pontuações
Porcentagem de Pessoas com Cada Pontuação
Percentil de Números Respondidos
Sua Pontuação Histórica
Você não jogou esse quiz